000
00246nam a2200097Ia 4500
001
681213
005
20250826161356.0
008
250824s9999 xx 000 0 und d
245
0
_a
SUNA NIN SERÇELERİ
_c
GÜLTEN DAYIOĞLU
260
_b
ALTIN KİTAPLAR
999
_c
681213
_d
681213